Contextos cerámicos y transformaciones urbanas en Carthago Nova : (s. II-III d.C.) /

The transition process of the Roman city between the Early Roman period and Late Antiquity is difficult to understand due to the absence of urban models and the decline in epigraphy. The transformations that accompany this period are detectable in the western provinces of the Empire from a very earl...

وصف كامل

محفوظ في:

المؤلف الرئيسي: Quevedo, Alejandro (مؤلف)

التنسيق: كتاب الكتروني

اللغة: Spanish

منشور في: Oxford : Archaeopress Publishing Ltd, [2015]

سلاسل: Roman and late antique Mediterranean pottery ; 7.

الموضوعات:

الوصول للمادة أونلاين: Login to view Source

الوسوم: إضافة وسم

لا توجد وسوم, كن أول من يضع وسما على هذه التسجيلة!

رقم الطلب: DP402.C4

LEADER 02605nam a2200445 i 4500
001 EDZ0001352794
003 StDuBDS
005 20230412181450.0
006 m|||||o||d||||||||
007 cr |||||||||||
008 151209t20152015enka fob 000|0|spa|d
020 |a 9781784910556 (PDF ebook) :  |c No price 
040 |a StDuBDS  |b eng  |c StDuBDS  |e rda  |e pn 
041 0 |a spa  |b eng 
050 4 |a DP402.C4 
082 0 4 |a 936.6  |2 23 
100 1 |a Quevedo, Alejandro,  |e author. 
245 1 0 |a Contextos cerámicos y transformaciones urbanas en Carthago Nova :  |b (s. II-III d.C.) /  |c Alejandro Quevedo. 
264 1 |a Oxford :  |b Archaeopress Publishing Ltd,  |c [2015] 
264 4 |c ©2015 
300 |a 1 online resource :  |b illustrations (black and white, and colour). 
336 |a text  |2 rdacontent 
336 |a still image  |2 rdacontent 
337 |a computer  |2 rdamedia 
338 |a online resource  |2 rdacarrier 
490 1 |a Roman and late antique Mediterranean pottery ;  |v 7 
504 |a Includes bibliographical references. 
520 8 |a The transition process of the Roman city between the Early Roman period and Late Antiquity is difficult to understand due to the absence of urban models and the decline in epigraphy. The transformations that accompany this period are detectable in the western provinces of the Empire from a very early time. Their interpretation varies with each study case. Ancient Cartagena is a paradigm of these changes. Starting under Marcus Aurelius, the city began to show symptoms of exhaustion, at the same time as literary and epigraphic evidence began to decline, until it disappeared altogether. In these pages the author contributes - and at the same time vindicates - an approach to discovering more about the 2nd and 3rd centuries AD based on the archaeological record and taking into account the stratigraphic sequences and especially the pottery material culture. 
521 |a Specialized. 
546 |a Spanish text with English summary. 
588 |a Description based on online resource; title from home page (viewed on March 14, 2016). 
651 0 |a Cartagena (Spain)  |x Antiquities. 
650 0 |a Pottery, Roman  |z Spain  |z Cartagena. 
650 0 |a Excavations (Archaeology)  |z Spain  |z Cartagena. 
776 0 8 |i Print version :  |z 9781784910549 
830 0 |a Roman and late antique Mediterranean pottery ;  |v 7. 
856 4 0 |3 Archaeopress  |u http://library.arce.org:8087/Archaeopress/Products/9781784910549 
942 |2 lcc  |c EBOOK 
952 |0 0  |1 0  |4 0  |6 DP0402 C4  |7 1  |9 46021  |a ARCH  |b ARCH  |d 2023-04-12  |l 0  |o DP402.C4  |r 2023-04-12 00:00:00  |w 2023-04-12  |y EBOOK 
999 |c 51679  |d 51679